000 00424nam a2200181Ia 4500
001 1137
005 20260306140609.0
008 260306t1984||||xx |||||||||||||| ||spa||
041 _aESP
082 _a184
_bP53
100 _aPieper, Josef [1904-1997]
_eAUT
245 0 _aSobre los mitos platónicos
260 _c1984
300 _a87 páginas :
_c20 cm.
650 _aGEN
654 _aCHU
942 _cLIB
_dJUS
_fJUS
_2ddc
_n
999 _c1137
_d1137